000 004930000a22001810004500
003 MACL
005 20160305165524.0
008 160305b xxu||||| |||| 00| 0 eng d
040 _aMACL
_cMACL
041 _aHindi
082 _a891.432
100 _aअनिल कुमार
_943293
245 _aकारखाना
260 _bदिल्‍ली पुस्‍तक सदन
_c1964
_aपटना
350 _a2
650 _aDrama
_943294
942 _cHIN
_k891.432
_2ddc
999 _c25301
_d25301